| 000 -CABECERA |
| fixed length control field |
01153nam a22002657a 4500 |
| 003 - IDENTIFICADOR DEL NÚMERO DE CONTROL |
| control field |
AR-CdUCM |
| 008 - DATOS DE LONGITUD FIJA--INFORMACIÓN GENERAL |
| fixed length control field |
190304b ||||| |||| 00| 0 spa d |
| 020 ## - NÚMERO INTERNACIONAL ESTÁNDAR DEL LIBRO |
| ISBN |
9508850140 |
| 040 ## - FUENTE DE LA CATALOGACIÓN |
| Agencia/entidad que catalogó originalmente la obra |
MUNICIPALIDAD PROVINCIAL DEL CUSCO |
| Entidad que transcribió la catalogación |
BIBLIOTECA MUNICIPAL DEL CUSCO |
| 082 ## - NÚMERO DE LA CLASIFICACIÓN DECIMAL DEWEY |
| No. de Clasificación |
338.2 / |
| Notacion interna |
C31 |
| 100 ## - ENTRADA PRINCIPAL--NOMBRE DE PERSONA |
| Nombre Personal |
Carson, Robert B. |
| 245 ## - MENCIÓN DE TÍTULO |
| Título |
Qué saben los economistas : |
| Resto del título |
introducción a las políticas económicas para el siglo XXI / |
| 260 ## - PUBLICACIÓN, DISTRIBUCIÓN, ETC. |
| Lugar de publicación, distribución, etc. |
Buenos Aires : |
| Nombre de la editorial, distribuidor, etc. |
Heliasta, |
| Fecha de publicación, distribución, etc. |
1995. |
| 300 ## - DESCRIPCIÓN FÍSICA |
| Nº de Páginas Extensión |
285 páginas ; |
| Otros detalles físicos |
cuadros, diagramas ; |
| Dimensiones |
22.5 cm. |
| 505 ## - NOTA DE CONTENIDO CON FORMATO |
| Nota de contenido formateada |
Contenido: La paradoja de la economía contemporánea -- Principales corrientes y tendencias ocultas de una disciplina en transición -- Posibilidades y límites del razonamiento económico -- En busca de una agenda económica del siglo XXI ... |
| 650 ## - PUNTO DE ACCESO ADICIONAL DE MATERIA--TÉRMINO DE MATERIA |
| Descriptor |
Economía - introducción |
| 9 (RLIN) |
8679 |
| 650 ## - PUNTO DE ACCESO ADICIONAL DE MATERIA--TÉRMINO DE MATERIA |
| Descriptor |
Políticas económicas |
| 9 (RLIN) |
6855 |
| 650 ## - PUNTO DE ACCESO ADICIONAL DE MATERIA--TÉRMINO DE MATERIA |
| Descriptor |
Siglo XXI |
| 9 (RLIN) |
2856 |
| 650 ## - PUNTO DE ACCESO ADICIONAL DE MATERIA--TÉRMINO DE MATERIA |
| Descriptor |
Análisis económico |
| 9 (RLIN) |
5582 |
| 650 ## - PUNTO DE ACCESO ADICIONAL DE MATERIA--TÉRMINO DE MATERIA |
| Descriptor |
Conceptos - Economía - Siglo XXI |
| 9 (RLIN) |
8680 |
| 700 ## - PUNTO DE ACCESO ADICIONAL--NOMBRE DE PERSONA |
| Nombre Personal |
Mizraji, Margarita (Traductora) |
| 9 (RLIN) |
8681 |
| 942 ## - ELEMENTOS DE PUNTO DE ACCESO ADICIONAL (KOHA) |
| Fuente de clasificación |
|
| Tipo de item |
Libros-BMC |
| 945 ## - PROCESAMIENTO DE INFORMACIÓN LOCAL (OCLC) |
| Catalogador |
lccs |
| AAAA-MM-DD - Fecha de ingreso o modificacion |
2019-03-04 |